Teatro (Record no. 105805)

MARC details
000 -LEADER
campo de control de longitud fija 00876nam a2200265 i 4500
001 - NÚMERO DE CONTROL
campo de control 105805
003 - IDENTIFICADOR DE NÚMERO DE CONTROL
campo de control ES-MaACL
007 - CAMPO FIJO DE DESCRIPCIÓN FÍSICA--INFORMACIÓN GENERAL
campo de control de longitud fija t|
008 - DATOS DE LONGITUD FIJA--INFORMACIÓN GENERAL
campo de control de longitud fija 060829s1970 ag ||||1| spa d
080 ## - NÚMERO DE LA CLASIFICACIÓN DECIMAL UNIVERSAL
Número de la Clasificación Decimal Universal 821.111-23"19"
100 1# - ENTRADA PRINCIPAL--NOMBRE DE PERSONA
Nombre de persona Wesker, Arnold.
9 (RLIN) 116530
245 10 - MENCIÓN DEL TÍTULO
Título Teatro
Resto del título : La Cocina ; Papas fritas y todo lo demás ; Ciudad dorada ; Las cuatro estaciones /
Mención de responsabilidad, etc. Arnold Wesker ; traducción de Manuel Barberá.
260 ## - PUBLICACIÓN, DISTRIBUCIÓN, ETC.
Lugar de publicación, distribución, etc. Buenos Aires :
Nombre del editor, distribuidor, etc. Losada,
Fecha de publicación, distribución, etc. [1970]
300 ## - DESCRIPCIÓN FÍSICA
Extensión 273 p. ;
Dimensiones 20 cm.
490 1# - MENCIÓN DE SERIE
Mención de serie Gran teatro del mundo
500 ## - NOTA GENERAL
Nota general Biblioteca Juan Andrade.
700 1# - ENTRADA AGREGADA--NOMBRE PERSONAL
Nombre de persona Barberá, Manuel.
9 (RLIN) 25419
740 3# - ENTRADA AGREGADA--TÍTULO RELACIONADO/ANALÍTICO NO CONTROLADO
Título relacionado o analítico no controlado La cocina.
740 0# - ENTRADA AGREGADA--TÍTULO RELACIONADO/ANALÍTICO NO CONTROLADO
Título relacionado o analítico no controlado Papas fritas y todo lo demás.
740 0# - ENTRADA AGREGADA--TÍTULO RELACIONADO/ANALÍTICO NO CONTROLADO
Título relacionado o analítico no controlado Ciudad dorada.
740 4# - ENTRADA AGREGADA--TÍTULO RELACIONADO/ANALÍTICO NO CONTROLADO
Título relacionado o analítico no controlado Las cuatro estaciones.
830 00 - PUNTO DE ACCESO ADICIONAL DE SERIE-TÍTULO UNIFORME
Título uniforme Gran teatro del mundo (Losada)
9 (RLIN) 184853
852 ## - LOCALIZACIÓN
Ubicación ES-MaACL
Número de control de estantería AND-631
Sublocalización o colección R.109929
Holdings
Estatus retirado Estado de pérdida Estado de daño No para préstamo Biblioteca de origen Biblioteca actual Ubicación en estantería Fecha de adquisición Fuente de adquisición Total de préstamos Signatura topográfica completa Código de barras Visto por última vez Precio de reemplazo Tipo de ítem Koha
        Biblioteca del Ateneo de Madrid Biblioteca del Ateneo de Madrid Depósito 2 17/01/2008     AND-631 1110462 23/02/2023 23/02/2023 Libro impreso